Requirements engineering : Processes and techniques. /

This book is divided into two parts: The Requirements Engineering Process; Requirements Engineering Techniques.

Tallennettuna:
Bibliografiset tiedot
Päätekijä: Kotonya, Gerald.
Muut tekijät: Sommerville, Ian.
Aineistotyyppi: Kirja
Kieli:English
Julkaistu: Chichester : John Wiley and Sons, 1998.
Aiheet:
Tagit: Lisää tagi
Ei tageja, Lisää ensimmäinen tagi!
Thư viện lưu trữ: Mạng thư viện Đại học Đà Nẵng
LEADER 01066cam a2200361 i 4500
001 000047826
003 7520
005 20030317145414.0
008 010323|1998 vm 000 eng
020 |a 0471972088 
040 |a IRC  |c IRC  |d IRC 
041 0 |a eng 
082 1 4 |a 005.1  |b KO-G 
100 1 |a Kotonya, Gerald. 
245 0 0 |a Requirements engineering :  |b Processes and techniques. /  |c Gerald Kotonya and Ian Sommerville. 
260 |a Chichester :  |b John Wiley and Sons,  |c 1998. 
300 |a 282 p. ;  |c 23.5cm. 
520 3 |a This book is divided into two parts: The Requirements Engineering Process; Requirements Engineering Techniques. 
630 0 4 |a Software engineering. 
630 0 4 |a Systems engineering. 
650 0 4 |a Software engineering. 
650 0 4 |a Systems engineering. 
700 1 |a Sommerville, Ian. 
OWN |a DUT 
999 |a From the UDN01 
TYP |a Monograph 
TYP |a Printed language 
980 |a Mạng thư viện Đại học Đà Nẵng